| Tag |
First Indicator |
Second Indicator |
Subfields |
| LEADER |
00000cam a2200000 a 4500 |
| 001 |
in00001406727 |
| 005 |
20151020072903.0 |
| 008 |
970708s1998 cauabf b s001 0 eng |
| 010 |
|
|
|a 97025659
|
| 020 |
|
|
|a 0520209362 (cloth : alk. paper)
|
| 035 |
|
|
|a (OCoLC)37322196
|
| 035 |
|
|
|9 AHQ3682AM
|
| 040 |
|
|
|a DLC
|c DLC
|d TXA
|d UtOrBLW
|
| 043 |
|
|
|a n-us-ca
|a n-us-nv
|
| 049 |
|
|
|a TXAM
|
| 050 |
0 |
0 |
|a QH104.5.S54
|b J64 1998
|
| 082 |
0 |
0 |
|a 508.794/4
|2 21
|
| 100 |
1 |
|
|a Johnston, Verna R.
|
| 245 |
1 |
0 |
|a Sierra Nevada :
|b the naturalist's companion /
|c Verna R. Johnston ; photographs by the author ; drawings by Carla J. Simmons.
|
| 250 |
|
|
|a Rev. ed.
|
| 264 |
|
1 |
|a Berkeley :
|b University of California Press,
|c [1998]
|
| 264 |
|
4 |
|c ©1998
|
| 300 |
|
|
|a x, 207 pages, 32 unnumbered pages of plates :
|b illustrations (some color), maps ;
|c 24 cm.
|
| 336 |
|
|
|a text
|b txt
|2 rdacontent
|
| 337 |
|
|
|a unmediated
|b n
|2 rdamedia
|
| 338 |
|
|
|a volume
|b nc
|2 rdacarrier
|
| 504 |
|
|
|a Includes bibliographical references (pages 181-193) and index.
|
| 650 |
|
0 |
|a Natural history
|z Sierra Nevada (Calif. and Nev.)
|
| 651 |
|
0 |
|a Sierra Nevada (Calif. and Nev.)
|x Description and travel.
|
| 948 |
|
|
|a c:dm
|
| 999 |
|
|
|a MARS
|
| 999 |
f |
f |
|s 55825ec9-6e86-3f23-b112-adeb4f598524
|i d8282442-6671-3ab6-9713-15c1d3067531
|t 0
|
| 952 |
f |
f |
|p ric
|a Texas A&M University
|b Rellis Campus
|c Joint Library Facility
|d Remote Storage
|t 0
|e QH104.5.S54 J64 1998
|h Library of Congress classification
|i unmediated -- volume
|m A14823326359
|
| 998 |
f |
f |
|a QH104.5.S54 J64 1998
|t 0
|l Remote Storage
|